| 000 | 00918cam a22001934a 4500 | ||
|---|---|---|---|
| 005 | 20250605163403.0 | ||
| 008 | 250528s ||||||||||||||||||||||||d | ||
| 035 | _a18143 | ||
| 040 |
_aGR-AtMCL _bgre _dGR-AtMCL _eAACR2 |
||
| 245 | 1 | _aCOBOL / Για Μικροϋπολογιστές (Θεωρία και Ασκήσεις) | |
| 250 | _a1η | ||
| 260 |
_bΑθήνα, _c1988 |
||
| 300 | _a248 | ||
| 520 | _aΕισαγωγή, Identification and Environment Divisions, Data Division, Procedure Division (1 Βασικές Εντολές), Procedure Division (Δομή και Ολοκληρωμένα Προγράμματα Σειριακών Αρχείων), Indexed Αρχεία (Ολοκληρωμένα Προγράμματα), Χειρισμός Πινάκων, Screen Section, Procedure Division, Index. | ||
| 700 | 1 | _aΒατικιώτης Αντώνης | |
| 942 | _cBK | ||
| 999 |
_c3524 _d3524 |
||